| Поле | Инд. | ПП | Название | Значение |
|---|---|---|---|---|
| Тип записи | a | |||
| Библиографический уровень | m | |||
| 001 | Контрольный номер | RU/LIBMSTU/263561761 | ||
| 005 | Дата корректировки | 20151119142825.0 | ||
| 020 | 00 | c | Цена, тираж | 50-00 |
| 084 | a | Индекс другой классификации/Индекс ББК | 67.71 | |
| 090 | 00 | a | Полочн. индекс | 67.71 |
| x | Авторский знак | И 74 | ||
| 245 | 00 | a | Заглавие | Информационные письма Президиума Высшего Арбитражного Суда Российской Федерации |
| n | Номер части/ раздела | Ч. 1 | ||
| b | Продолж. заглавия | систематизир. сб. в 2 ч. | ||
| 260 | 00 | a | Место издания | Москва |
| b | Издательство | Юрит-Вестник | ||
| c | Дата издания | 2003 | ||
| 300 | 00 | a | Объем | 221 с. |
| 440 | 00 | a | Серия | Библиотечка журнала "Вестник Высшего Арбитражного Суда Российской Федерации" |
| p | Название части | Спец. приложение к № 10, октябрь 2003 года | ||
| 650 | _4 | a | Основная рубрика | Арбитражный суд |
| 653 | 00 | a | Ключевые слова | Арбитраж |
| a | Ключевые слова | Вещное право | ||
| a | Ключевые слова | Высший Арбитражный суд | ||
| a | Ключевые слова | Гражданский процесс | ||
| a | Ключевые слова | Гражданское законодательство | ||
| a | Ключевые слова | Обязательственное право | ||
| 990 | 00 | f | Даты поступлений (DOS) | 11.03 |